Propuesta de plantilla contable y plantilla de administración de inventario para el Cafetín Don Domingo

Presenta la elaboración de propuesta de plantilla contable y plantilla de administración de inventario para el Cafetín Don Domingo en el cual se realizó un análisis de la situación contable actual así como la elaboración de una plantilla de entorno amigable y ajustado a la operatividad del n...

Full description

Bibliographic Details
Main Authors: Madrigal Lacayo, Henry Antonio, Vega Pérez, Rolando José
Other Authors: Tutor: Vílchez Torrez, Marcos Luis
Format: Tesis Section = Libro
Language:Undetermined
Spanish
Published: Managua UNI 2017
Subjects:
LEADER 01245nam a2200265Ia 4500
008 240830s9999 xx 000 0 und d
040 |a BIBLIOTECA-RUPAP Mon 658.787 M183 
041 |a spa 
082 |a Mon 658.787 M183 
100 1 |a Madrigal Lacayo, Henry Antonio 
100 1 |b  Vega Pérez, Rolando José 
245 1 0 |a Propuesta de plantilla contable y plantilla de administración de inventario para el Cafetín Don Domingo 
260 |a Managua  |b UNI  |c 2017 
300 |a 88 p. :il. 
500 |a Contiene anexos y CD 
502 |a Tesis (Ingeniero Industrial)- UNI, 2017. 
520 3 |a Presenta la elaboración de propuesta de plantilla contable y plantilla de administración de inventario para el Cafetín Don Domingo en el cual se realizó un análisis de la situación contable actual así como la elaboración de una plantilla de entorno amigable y ajustado a la operatividad del negocio y el proporciona miento de reportes de la situación contable y financiera del negocio. 
650 7 |a ADMINISTRACION DE INVENTARIO 
650 7 |b DISEÑO CONTABLE 
650 7 |c INVENTARIOS - SEGURIDAD 
650 7 |d CONTABILIDAD 
700 1 |a Tutor:  |b Vílchez Torrez, Marcos Luis 
942 |c BK  |2 ddc 
991 |a TESIS 
999 |c 17605